La arquitectura oficial en las décadas de 1930 y 1940 (Record no. 85850)

MARC details
000 -LEADER
campo de control de longitud fija 01251cam a2200313 4500
001 - NÚMERO DE CONTROL
campo de control 85850
003 - IDENTIFICADOR DE NÚMERO DE CONTROL
campo de control SpMaBN
005 - FECHA Y HORA DE LA ÚLTIMA TRANSACCIÓN
campo de control 20260429150409.0
008 - DATOS DE LONGITUD FIJA--INFORMACIÓN GENERAL
campo de control de longitud fija 000927s2000 sp | o||| ||spa
016 7# - NÚMERO DE CONTROL DE UNA AGENCIA BIBLIOGRÁFICA NACIONAL
Número de control del registro bimoBNE20001926378
Fuente SpMaBN
017 ## - NÚMERO DE COPYRIGHT O DE DEPÓSITO LEGAL
Número de copyright o de depósito legal M 21620-2000
Agencia que asigna Oficina Depósito Legal Madrid
020 ## - NÚMERO INTERNACIONAL ESTÁNDAR DEL LIBRO
Número Internacional Estándar del Libro 8495365375
035 ## - NÚMERO DE CONTROL DEL SISTEMA
Número de control de sistema (OCoLC)433223451
035 ## - NÚMERO DE CONTROL DEL SISTEMA
Número de control de sistema (SpMaBN)bimo0001609253
040 ## - FUENTE DE CATALOGACIÓN
Centro catalogador/agencia de origen SpMaBN
Lengua de catalogación spa
Centro/agencia transcriptor SpMaBN
Normas de descripción rdc
080 ## - NÚMERO DE LA CLASIFICACIÓN DECIMAL UNIVERSAL
Número de la Clasificación Decimal Universal 72.036(460)
100 1# - ENTRADA PRINCIPAL--NOMBRE DE PERSONA
Nombre de persona Moleón Gavilanes, Pedro (
Fechas asociadas al nombre 1952-)
9 (RLIN) 40820
245 13 - MENCIÓN DEL TÍTULO
Título La arquitectura oficial en las décadas de 1930 y 1940
Resto del título : tercera restauración del clasicismo en España
Mención de responsabilidad, etc. / por Pedro Moleón Gavilanes
260 ## - PUBLICACIÓN, DISTRIBUCIÓN, ETC.
Lugar de publicación, distribución, etc. [Madrid]
Nombre del editor, distribuidor, etc. : Instituto Juan de Herrera
Fecha de publicación, distribución, etc. , [2000]
300 ## - DESCRIPCIÓN FÍSICA
Extensión 30 p.
Otras características físicas : il.
Dimensiones ; 29 cm
440 #0 - MENCIÓN DE SERIE/PUNTO DE ACCESO ADICIONAL--TÍTULO
Título Cuadernos del Instituto Juan de Herrera de la Escuela de Arquitectura de Madrid
Designación de volumen o secuencia 77.01
650 #7 - PUNTO DE ACCESO ADICIONAL DE MATERIA--TÉRMINO DE MATERIA
Término de materia o nombre geográfico como elemento de entrada Arquitectura española
Subdivisión cronológica S.XX
Fuente del encabezamiento o término embne
9 (RLIN) 78026
852 ## - LOCALIZACIÓN
Número de control de estantería F-16119
942 ## - ELEMENTOS DE ENTRADA SECUNDARIOS (KOHA)
Tipo de ítem Koha Fondo moderno
Suprimir en OPAC No
956 ## - LOCALIZACIÓN Y ACCESO ELECTRÓNICOS LOCAL (OCLC)
Nombre del host 1 2
980 ## - EQUIVALENCIA O REFERENCIA-CRUZADA-MENCIÓN DE SERIE--NOMBRE DE PERSONA/TÍTULO [LOCAL, CANADÁ]
Nombre de persona M 21620-2000
-- 84-95365-37-5
-- SpMaBN
Numeración BNMADRID
Calificador de atribución 9/201764
Títulos y otros términos asociados al nombre SG_RECOLET
980 ## - EQUIVALENCIA O REFERENCIA-CRUZADA-MENCIÓN DE SERIE--NOMBRE DE PERSONA/TÍTULO [LOCAL, CANADÁ]
Nombre de persona M 21620-2000
-- 84-95365-37-5
-- SpMaBN
Numeración BNALCALA
Calificador de atribución AHM/479207
Títulos y otros términos asociados al nombre SG_PETANTI
980 ## - EQUIVALENCIA O REFERENCIA-CRUZADA-MENCIÓN DE SERIE--NOMBRE DE PERSONA/TÍTULO [LOCAL, CANADÁ]
Nombre de persona M 21620-2000
-- 84-95365-37-5
-- SpMaBN
Numeración BNALCALA
Calificador de atribución DL/1001496
Títulos y otros términos asociados al nombre CONSERVACI
Holdings
Estatus retirado Estado de pérdida Fuente de la clasificación o esquema de estantería Estado de daño No para préstamo Biblioteca de origen Biblioteca actual Ubicación en estantería Fecha de adquisición Número de inventario Total de préstamos Signatura topográfica completa Código de barras Visto por última vez Precio de reemplazo Tipo de ítem Koha Nota pública
    Clasificación Decimal Dewey     Real Academia de la Bellas Artes de San Fernando Real Academia de la Bellas Artes de San Fernando Depósito 2 29/04/2026 43522   F-16119 1097148 29/04/2026 29/04/2026 Fondo moderno Con dedicatoria del autor

Powered by Koha